Catálogo
 En Linea

Introduccion a la fisica. (Registro nro. 10524)

Detalles MARC
000 -CABECERA
campo de control de longitud fija 00585cam a2200193u 4500
001 - NÚMERO DE CONTROL
campo de control 000010771
005 - FECHA Y HORA DE LA ÚLTIMA TRANSACCIÓN
campo de control 20200929162305.0
008 - DATOS DE LONGITUD FIJA--INFORMACIÓN GENERAL
campo de control de longitud fija 831004m19679999pr |||||||||| 0 | spa
010 ## - NÚMERO DE CONTROL DE LA BIBLIOTECA DEL CONGRESO
Número de control de LC 68064625
040 ## - FUENTE DE LA CATALOGACIÓN
Centro catalogador/agencia de origen DO-SdBNP
Centro/agencia transcriptor CarP
Centro/agencia modificador DLC
050 00 - SIGNATURA TOPOGRÁFICA DE LA BIBLIOTECA DEL CONGRESO
Número de clasificación QC25
Número de documento/Ítem .N3918
100 1# - ENTRADA PRINCIPAL--NOMBRE DE PERSONA
Nombre de persona Nedelsky, Leo. [from old catalog]
9 (RLIN) 25994
245 10 - MENCIÓN DE TÍTULO
Título Introduccion a la fisica.
260 ## - PUBLICACIÓN, DISTRIBUCIÓN, ETC.
Lugar de publicación, distribución, etc. [San Juan, :
Nombre del editor, distribuidor, etc. P.T., Editorial del Departamento de Instruccion Publica,
Fecha de publicación, distribución, etc. 1967-].
300 ## - DESCRIPCIÓN FÍSICA
Extensión v. :
Otras características físicas illus., port. ;
Dimensiones 25 cm.
500 ## - NOTA GENERAL
Nota general Serial.
650 #0 - PUNTO DE ACCESO ADICIONAL DE MATERIA--TÉRMINO DE MATERIA
Término de materia o nombre geográfico como elemento de entrada Physics.
9 (RLIN) 25995
910 ## - DATOS DE OPCIÓN DEL USUARIO (OCLC)
Datos de opción del usuario Catalogación derivada
Existencias
Estado de retiro Estado de pérdida Restricciones de uso No para préstamo Código de colección Localización permanente Ubicación/localización actual Ubicación en estantería Fecha de adquisición Número de inventario Total de préstamos Signatura topográfica completa Código de barras Fecha visto por última vez Precio válido a partir de Tipo de ítem Koha
    Préstamo interno   Monografías: Libros y Folletos General General En catalogación 09.10.2009 LF1   10771-10 25.06.2020 25.06.2020 Préstamo interno

Con tecnología Koha